000 00746cam a22002172 4500
001 0000018800
005 20151217155859.0
008 100706s xx 000 0 eng d
040 _aKABU
_cKABU
110 2 _aKenya.
_bPresident.
_f2002-2004.
_pMwai Kibaki.
_@0000178214
245 1 0 _aLaying the foundation for a working nation :
_bspeeches /
_cby H. E. President Mwai Kibaki.
250 _a1st ed.
260 _aNairobi :
_bGovt. Printer,
_c[2004]
300 _a92 p.
610 2 0 _aKenya
_xHistory.
_@0000150215
700 1 _aMwai Kibaki.
_@0000178215
852 1 _9p100 KES
852 1 _9p100 KES
908 _a100706
950 _@1
999 _c13680
_d13680